00461nam a2200121Ia 4500008004100000082002200041100002000063245006200083260005100145300001100196500005900207650007300266120622s9999 xx 000 0 und d a323.4450972 C346l aCastaño, Luis aLa libertad de pensamiento y de imprenta / Luis Castaño aMéxico : UNAM, Coordinación de Humanidades a50 p.  a"Edición conmemorativa de la constitución de 1917" a1. LIBERTAD DE PRENSA - MEXICO \ 2. PRENSA - LEGISLACION - MEXICOÌ